सफलता के शिखर तक / (Record no. 48593)

MARC details
000 -LEADER
fixed length control field 01171nam a22002657a 4500
005 - DATE AND TIME OF LATEST TRANSACTION
control field 20090316110612.0
008 - FIXED-LENGTH DATA ELEMENTS--GENERAL INFORMATION
fixed length control field 090316t xxu||||| |||| 00| 0 hin d
010 ## - LCCN (DPL NO)
LC control number HIN-90974
020 ## - INTERNATIONAL STANDARD BOOK NUMBER
Terms of availability 200.00
International Standard Book Number 9788190483773
035 ## - SYSTEM CONTROL NUMBER
System control number HN-63320
037 ## - SOURCE OF ACQUISITION
Source of stock number/acquisition DBAD / PUB
040 ## - CATALOGING SOURCE
Original cataloging agency DPL
Language of cataloging HN
082 ## - DEWEY DECIMAL CLASSIFICATION NUMBER
Classification number 158.1
100 ## - MAIN ENTRY--PERSONAL NAME
9 (RLIN) 24114
Personal name शर्मा, पवित्र कुमार
245 ## - TITLE STATEMENT
Title सफलता के शिखर तक /
Statement of responsibility, etc पवित्र कुमार शर्मा
246 ## - VARYING FORM OF TITLE
Title proper/short title Safalata ke shikhar tak
Remainder of title by Pavitra Kumar Sharma
260 ## - PUBLICATION, DISTRIBUTION, ETC. (IMPRINT)
Place of publication, distribution, etc दिल्ली
Name of publisher, distributor, etc ग्लोबल एक्सचेंज पब्लिशर्स
Date of publication, distribution, etc 2010
270 ## - ADDRESS
Address 1362, कश्मीरी गेट, निकट बॉटा शू कं.
City दिल्ली
Postal code 110006
300 ## - PHYSICAL DESCRIPTION
Extent 144पृ.
Dimensions 22सेमी (सजिल्द)
650 ## - SUBJECT ADDED ENTRY--TOPICAL TERM
9 (RLIN) 1169
700 ## - ADDED ENTRY--PERSONAL NAME
9 (RLIN) 24212
700 ## - ADDED ENTRY--PERSONAL NAME
9 (RLIN) 24219
942 ## - ADDED ENTRY ELEMENTS (KOHA)
Source of classification or shelving scheme Dewey Decimal Classification
Item type Hindi Books
Call number suffix शर्माप
Classification part 158.1
Holdings
Withdrawn status Lost status Source of classification or shelving scheme Damaged status Not for loan Collection code Home library Current library Date acquired Source of acquisition Cost, normal purchase price Total Checkouts Full call number Barcode Date last seen Copy number Cost, replacement price Koha item type
    Dewey Decimal Classification   Not For Loan Non-fiction D.B.Act.Division D.B.Act.Division 15/11/2010 DBAD /PUB 200.00   158.1 शर्माप HN-63320 15/11/2010 1 200.00 Hindi Books

© Delhi Public Library
Hit Counter
free hit counter